[Event "Madrid San Viator op-B 30th"]
[Site "Madrid"]
[Date "2018.05.20"]
[Round "6"]
[White "Castillo Perez, Moises"]
[Black "Paniagua Quinones, Carlos"]
[Result "1/2-1/2"]
[WhiteElo "1509"]
[BlackElo "1639"]
[PlyCount "92"]
[EventDate "2018.04.08"]
[EventType "swiss"]
[EventRounds "9"]
[EventCountry "ESP"]
[SourceTitle "EXT 2019"]
[Source "ChessBase"]
[SourceDate "2018.10.10"]
[SourceVersion "1"]
[SourceVersionDate "2018.10.10"]
[SourceQuality "1"]

1. d4 d5 2. c4 e6 3. Nc3 Nf6 4. Bg5 Be7 5. e3 c5 6. Nf3 cxd4 7. exd4 dxc4 8. Bxc4 0-0 9. 0-0 Nc6 10. a3 a6 11. Ba2 Nd5 12. Bxe7 Ncxe7 13. Re1 b5 14. Ne4 Ng6 15. Rc1 Qb6 16. Nc5 Rd8 17. Bb1 Nf6 18. Bxg6 hxg6 19. Qd2 Bb7 20. Nxb7 Qxb7 21. Qf4 Rac8 22. h3 Rxc1 23. Rxc1 Rc8 24. Rc5 a5 25. Qg5 Nd5 26. Qc1 Rd8 27. Qg5 Rc8 28. Qh4 Nf6 29. b4 axb4 30. axb4 Ra8 31. Qf4 Qb8 32. Ne5 Ra1+ 33. Rc1 Rxc1+ 34. Qxc1 Qb7 35. Nf3 Nd5 36. Qc5 Qe7 37. Qxb5 Nxb4 38. Ne5 Nd5 39. Qa5 Qc7 40. Qa8+ Kh7 41. Nf3 Qc1+ 42. Kh2 Qf4+ 43. Kg1 g5 44. Qd8 f6 45. Qf8 Qc1+ 46. Kh2 Qf1 1/2-1/2

[Event "Madrid San Viator op-B 30th"]
[Site "Madrid"]
[Date "2018.05.06"]
[Round "4"]
[White "Sanchez Martin, Jose1111"]
[Black "Castillo Perez, Moises"]
[Result "0-1"]
[WhiteElo "1653"]
[BlackElo "1509"]
[PlyCount "148"]
[EventDate "2018.04.08"]
[EventType "swiss"]
[EventRounds "9"]
[EventCountry "ESP"]
[SourceTitle "EXT 2019"]
[Source "ChessBase"]
[SourceDate "2018.10.10"]
[SourceVersion "1"]
[SourceVersionDate "2018.10.10"]
[SourceQuality "1"]

1. e4 e5 2. Nf3 Nc6 3. Bb5 a6 4. Ba4 d6 5. c3 Nf6 6. 0-0 Bg4 7. Re1 Be7 8. d4 b5 9. Bb3 exd4 10. cxd4 Bxf3 11. gxf3 0-0 12. Kh1 Qd7 13. Rg1 Qh3 14. Be3 Na5 15. Nd2 Nxb3 16. axb3 c5 17. d5 Kh8 18. Rg3 Qd7 19. f4 g6 20. Qe2 Nh5 21. Rg2 Bf6 22. Rb1 Rae8 23. Qg4 Qxg4 24. Rxg4 Bg7 25. Rg2 Nf6 26. f3 Nxd5 27. Bxc5 dxc5 28. exd5 Rd8 29. Ra1 Rxd5 30. Rxa6 Rfd8 31. Ne4 Rd1+ 32. Rg1 Rxg1+ 33. Kxg1 Bd4+ 34. Kg2 Kg7 35. Rc6 Rd5 36. Nc3 Rf5 37. Nxb5 Bxb2 38. Nd6 Rxf4 39. Rxc5 Ba3 40. Rd5 Bxd6 41. Rxd6 Rb4 42. Rd3 Kf6 43. Kf2 h5 44. Ke3 Ke5 45. Rc3 f5 46. Rc5+ Kd6 47. Rc3 Rh4 48. Rc2 Kd5 49. Kd3 Rh3 50. Rf2 g5 51. Kc2 Kc5 52. Kb2 Kb4 53. Kc2 Rh4 54. Rg2 g4 55. f4 Rh3 56. Re2 Rf3 57. Kd2 Rxf4 58. Kd1 Kxb3 59. Rg2 h4 60. Rd2 h3 61. Rd7 Kc3 62. Ke2 Rf3 63. Rd5 Kc4 64. Rd8 Kc5 65. Rd7 Kc6 66. Rd4 Ra3 67. Kf1 Ra1+ 68. Kf2 Ra3 69. Rf4 Ra5 70. Rd4 Rd5 71. Ra4 Kd6 72. Ra8 Ke5 73. Ra4 Rd4 74. Ke2 Rxa4 0-1

[Event "Madrid San Viator op-B 30th"]
[Site "Madrid"]
[Date "2018.04.22"]
[Round "3"]
[White "Castillo Perez, Moises"]
[Black "Llavero Molero, Juan"]
[Result "1-0"]
[WhiteElo "1509"]
[BlackElo "1394"]
[PlyCount "119"]
[EventDate "2018.04.08"]
[EventType "swiss"]
[EventRounds "9"]
[EventCountry "ESP"]
[SourceTitle "EXT 2019"]
[Source "ChessBase"]
[SourceDate "2018.10.10"]
[SourceVersion "1"]
[SourceVersionDate "2018.10.10"]
[SourceQuality "1"]

1. d4 Nf6 2. Bg5 e6 3. e4 Be7 4. e5 Nd5 5. Bxe7 Nxe7 6. Bd3 d6 7. Nf3 Nbc6 8. c3 dxe5 9. Nxe5 Nxe5 10. dxe5 Ng6 11. Bxg6 Qxd1+ 12. Kxd1 hxg6 13. Nd2 b6 14. f3 Bb7 15. Kc2 Rd8 16. Rad1 Rh5 17. Rde1 Rd5 18. f4 Ke7 19. h3 Rh8 20. Rhg1 Rhd8 21. Re2 Rd3 22. Nb1 Rg3 23. Rd2 Rxd2+ 24. Nxd2 Rxg2 25. Rxg2 Bxg2 26. h4 f6 27. Kd3 Kf7 28. Ke3 a5 29. a3 b5 30. b4 axb4 31. axb4 Bd5 32. Nb1 g5 33. hxg5 fxg5 34. fxg5 Kg6 35. Kf4 Kh5 36. Na3 c6 37. Nc2 Bb3 38. Ne3 Ba2 39. Nf1 Bc4 40. Ng3+ Kh4 41. Ne4 Bb3 42. Nf6 Bc2 43. Ne8 g6 44. Nd6 Kh3 45. Nc8 Bb3 46. Ne7 Bc2 47. Nxc6 Bb3 48. Nb8 Bd5 49. Nd7 Kg2 50. Nf8 Bc6 51. Nxe6 Kf2 52. Nd4 Be8 53. e6 Ke1 54. Ke3 Kd1 55. Nf3 Kc2 56. Kd4 Kb3 57. Ne5 Ka4 58. Nf7 Kb3 59. Nd6 Bc6 60. e7 1-0